| 000 | 00506nam a2200193 a 4500 | ||
|---|---|---|---|
| 005 | 20140310183337.0 | ||
| 008 | 061011s19uu xx 00 eng d | ||
| 020 | _a9812652701 | ||
| 050 |
_aRT71 _b.W48 2006 |
||
| 100 | _aWhite, Lois | ||
| 245 | _aFoundations of nursing/. | ||
| 250 | _a2nd ed. | ||
| 260 |
_aAustralia : _bThomson Delmar Learning, _c2006. |
||
| 300 |
_a1762 p. : _bill. ; _c26 cm. |
||
| 521 | _aNUR | ||
| 650 | _aFundamentals of nursing. | ||
| 942 |
_cBK _2lcc _kFOR |
||
| 999 |
_c21705 _d21705 |
||